Matemáticas para administración y economía (Registro nro. 2391)

Detalles MARC
000 -CABECERA
Longitud fija campo de control 00916nam a2200265 b 4500
001 - NÚMERO DE CONTROL
Número de control Mimo0001831354
003 - IDENTIFICADOR DELl NÚMERO DE CONTROL
Identificador del número de control OSt
005 - FECHA Y HORA DE LA ÚLTIMA TRANSACCIÓN
Fecha y hora de la última transacción 20150928100609.0
008 - CÓDIGOS DE INFORMACIÓN DE LONGITUD FIJA
Códigos de información de longitud fija 030206s199? mex spa
020 ## - NÚMERO INTERNACIONAL NORMALIZADO PARA LIBROS
Número Internacional Normalizado para Libros (ISBN) 968-6034-49-8
040 ## - FUENTE DE LA CATALOGACIÓN
Centro catalogador de origen SpMaBN
Lengua de catalogación spa
Centro transcriptor BMC
Normas de descripción rdc
082 ## - NÚMERO DE LA CLASIFICACIÓN DECIMAL DEWEY
Númeroo de clasificación 658.15
082 ## - NÚMERO DE LA CLASIFICACIÓN DECIMAL DEWEY
Númeroo de clasificación 515
100 1# - PUNTO DE ACCESO PRINCIPAL-NOMBRE DE PERSONA
9 (RLIN) 5545
Nombre de persona Weber, Jean E.
245 10 - MENCIÓN DE TÍTULO
Título Matemáticas para administración y economía
Mención de responsabilidad, etc. Jean E. Weber ; traducción, Mei Mei Alicia Chu Pulido
260 ## - PUBLICACIÓN, DISTRIBUCIÓN, ETC. (PIE DE IMPRENTA)
Lugar de publicación, distribución, etc. México, D.F.
Nombre del editor, distribuidor, etc. Harla
Fecha de publicación, distribución, etc. 1984
300 ## - DESCRIPCIÓN FÍSICA
Extensión XII, 823 p.
Otras características físicas gráf.
Dimensiones 23 cm
500 ## - NOTA GENERAL
Nota general Índice: p. [815]-823
504 ## - NOTA DE BIBLIOGRAFÍA, ETC
Nota de bibliografía, etc. Referencias bibliográficas: p. [813]-814
597 ## - NOTA SOBRE ÁREA Y DESCRIPCIÓN FÍSICA
Nota sobre el área de descripción físic Ejemp. con número de inventario: 1003087, 1003088, 1003089, 1011273, 1011275, 1011276 con la port. arrancada
650 24 - PUNTO DE ACCESO ADICIONAL DE MATERIA - TÉRMINO DE MATERIA
9 (RLIN) 1606
Término de materia o nombre geográfico como elemento inicial Análisis matemático
650 24 - PUNTO DE ACCESO ADICIONAL DE MATERIA - TÉRMINO DE MATERIA
9 (RLIN) 2228
Término de materia o nombre geográfico como elemento inicial Matemáticas financieras
700 1# - PUNTO DE ACCESO ADICIONAL - NOMBRE DE PERSONA
Nombre de persona Chu Pulido, Mei Mei Alicia
9 (RLIN) 4765
942 ## - ENTRADA DE ELEMENTOS AGREGADOS (KOHA)
Fuente de clasificaión o esquema Dewey Decimal Classification
Koha [por defecto] tipo de item 1- Monografias
Existencias
Suprimido Perdido Fuente de clasificación o esquema Estropeado Restricciones de uso No para préstamo Código de colección Localización permanente Localización actual Localización en estanter&íacute;as Fecha adquisición Fuente de adquisición Número de inventario Préstamos totales Signatura completa Código de barras Fecha última consulta Fecha último préstamo Coste, precio reemplazado Fecha del precio de reemplazo Tipo de item de Koha
NULL NULL Dewey Decimal Classification NULL Prestable NULL NULL Biblioteca Miguel de Cervantes - UNICAES Biblioteca Miguel de Cervantes - UNICAES Sala Principal 01/07/2002 Donación - Multilibros 003087 5 658.15 WEB mat 1003087 27/03/2023 25/03/2023 64.86 26/09/2013 1- Monografias
NULL NULL Dewey Decimal Classification NULL Prestable NULL NULL Biblioteca Miguel de Cervantes - UNICAES Biblioteca Miguel de Cervantes - UNICAES Sala Principal 01/07/2002 Donación - Multilibros 003088 2 658.15 WEB mat 1003088 26/03/2019 26/03/2019 64.86 26/09/2013 1- Monografias
NULL NULL Dewey Decimal Classification NULL Prestable NULL NULL Biblioteca Miguel de Cervantes - UNICAES Biblioteca Miguel de Cervantes - UNICAES Sala Principal 01/07/2002 Donación - Multilibros 003089 2 658.15 WEB mat 1003089 03/04/2024 22/03/2024 64.86 26/09/2013 1- Monografias
NULL NULL Dewey Decimal Classification NULL Prestable NULL NULL Biblioteca Miguel de Cervantes - UNICAES Biblioteca Miguel de Cervantes - UNICAES Sala Principal 01/07/2002 Donación - Multilibros 011273 3 658.15 WEB mat 1011273 14/08/2017 14/08/2017 64.86 17/02/2014 1- Monografias
NULL NULL Dewey Decimal Classification NULL Prestable NULL NULL Biblioteca Miguel de Cervantes - UNICAES Biblioteca Miguel de Cervantes - UNICAES Sala Principal 25/01/2003 Donación - COREI 011274 5 658.15 WEB mat 1011274 09/08/2019 08/08/2019 64.86 17/02/2014 1- Monografias
NULL NULL Dewey Decimal Classification NULL Prestable NULL NULL Biblioteca Miguel de Cervantes - UNICAES Biblioteca Miguel de Cervantes - UNICAES Sala Principal 01/07/2003 Donación - Multilibros 011275 2 658.15 WEB mat 1011275 26/02/2019 25/02/2019 64.86 17/02/2014 1- Monografias
NULL NULL Dewey Decimal Classification NULL Prestable NULL NULL Biblioteca Miguel de Cervantes - UNICAES Biblioteca Miguel de Cervantes - UNICAES Sala Principal 01/07/2002 Donación - Multilibros 011276 2 658.15 WEB mat 1011276 10/04/2018 09/04/2018 64.86 17/02/2014 1- Monografias